| 000 | 00815nam a2200241 a 4500 | ||
|---|---|---|---|
| 001 | 49838 | ||
| 003 | BD-RjUL | ||
| 005 | 20211209054733.0 | ||
| 008 | 160822s1953 xx 001 0 eng | ||
| 035 | _a(BD-RjUL)49958 | ||
| 040 |
_aDLC _cTxShA _dBD-RjUL _beng |
||
| 041 | _aeng | ||
| 082 |
_a361.1 _223 _bASS 1953 |
||
| 100 | 1 |
_aAshdown, Margaret _d1892- _9149374 |
|
| 245 | 1 | 0 |
_aSocial service and mental health : _ban essay on psychiatric social workers / _cby Margaret Ashdown and S. Clement Brown. |
| 260 |
_aLondon : _bRoutledge and Paul, _c1953 |
||
| 300 |
_a260 p. ; _c23 cm. |
||
| 490 | 0 | _aInternational library of sociology and social reconstruction | |
| 500 | _aIncludes index | ||
| 650 | 0 |
_aPsychiatric social work. _9148698 |
|
| 700 | 1 | 2 |
_aBrown, Sibyl Clement, _ejoint author. _9149375 |
| 942 |
_2ddc _cBK |
||
| 999 |
_c49838 _d49838 |
||